Historia documentada de los puentes de Madrid / (Record no. 62642)

MARC details
000 -LEADER
campo de control de longitud fija 00530nam a2200157 i 4500
001 - NÚMERO DE CONTROL
campo de control 62642
003 - IDENTIFICADOR DE NÚMERO DE CONTROL
campo de control ES-MaACL
005 - FECHA Y HORA DE LA ÚLTIMA TRANSACCIÓN
campo de control 20230906164715.0
007 - CAMPO FIJO DE DESCRIPCIÓN FÍSICA--INFORMACIÓN GENERAL
campo de control de longitud fija t|
008 - DATOS DE LONGITUD FIJA--INFORMACIÓN GENERAL
campo de control de longitud fija 031124s1954 sp ||||1| spa d
100 1# - ENTRADA PRINCIPAL--NOMBRE DE PERSONA
Nombre de persona Fernández Casado, Carlos.
9 (RLIN) 49558
245 10 - MENCIÓN DEL TÍTULO
Título Historia documentada de los puentes de Madrid /
Mención de responsabilidad, etc. Carlos Fernández Casado.
260 ## - PUBLICACIÓN, DISTRIBUCIÓN, ETC.
Lugar de publicación, distribución, etc. Madrid :
Nombre del editor, distribuidor, etc. Sección de Cultura e Información,
Fecha de publicación, distribución, etc. 1954 (
Fabricante Artes Gráficas Municipales)
300 ## - DESCRIPCIÓN FÍSICA
Extensión 26 p., 1 lám. :
Otras características físicas il. ;
Dimensiones 24 cm.
852 ## - LOCALIZACIÓN
Ubicación ES-MaACL
Número de control de estantería 1973-F-6
Sublocalización o colección R.37360
Holdings
Estatus retirado Estado de pérdida Estado de daño No para préstamo Colección Biblioteca de origen Biblioteca actual Ubicación en estantería Fecha de adquisición Fuente de adquisición Total de préstamos Signatura topográfica completa Código de barras Visto por última vez Precio de reemplazo Tipo de ítem Koha
        Colección de folletos Biblioteca del Ateneo de Madrid Biblioteca del Ateneo de Madrid Depósito folletos 17/01/2008     1973-F-6 1065672 23/02/2023 23/02/2023 Folleto